[Event "II Festival del Salento A"]
[Site "Gallipoli ITA"]
[Date "2013.05.27"]
[Round "4"]
[White "Schmitz, Andreas Arnold"]
[Black "Al Hamlan, Faisal"]
[WhiteElo "2059"]
[BlackElo "1968"]
[Result "1-0"]
[PlyCount "135"]
[EventDate "2013.05.25"]

1. e4 e6 2. d4 d5 3. Nd2 Nd7 4. Bd3 c5 5. exd5 exd5 6. dxc5 Bxc5 7. Nb3 Bb6 8.
Qe2+ Qe7 9. Bg5 Qxe2+ 10. Nxe2 Ngf6 11. f3 O-O 12. O-O-O h6 13. Bh4 a5 14. a4
Ne5 15. Bxf6 gxf6 16. Ned4 Bd7 17. Bb5 Nc6 18. Ne2 Be6 19. Kb1 Rfd8 20. Rhe1
Ba7 21. Rf1 Bb6 22. f4 Bf5 23. Bd3 Be4 24. f5 Ne5 25. h3 Kf8 26. Nf4 Nxd3 27.
cxd3 Bxf5 28. g4 Bh7 29. Nh5 Rd6 30. Rxf6 Rad8 31. Kc2 Bg6 32. Rdf1 Bxh5 33.
gxh5 R8d7 34. d4 Kg7 35. Rxd6 Rxd6 36. Rf5 Bd8 37. Nc5 b6 38. Nb7 Rc6+ 39. Kd3
Be7 40. Rxd5 Rc7 41. Nd6 Bxd6 42. Rxd6 Rb7 43. b3 b5 44. Rd5 bxa4 45. bxa4 Rb3+
46. Ke4 Rxh3 47. Rxa5 Rh4+ 48. Kd3 Kf6 49. Re5 Rh3+ 50. Kc4 Ra3 51. a5 Ra4+ 52.
Kd3 Ra3+ 53. Ke4 Ra4 54. Rb5 Ra1 55. Kd5 Kg5 56. Kc6+ f5 57. d5 f4 58. d6+ Kf6
59. d7 Rc1+ 60. Kd6 Rd1+ 61. Rd5 Rxd5+ 62. Kxd5 Ke7 63. Ke4 Kxd7 64. Kxf4 Kc6
65. Kf5 Kb5 66. Kg6 Kxa5 67. Kxh6 Kb6 68. Kg7 1-0

[Event "II Festival del Salento A"]
[Site "Gallipoli ITA"]
[Date "2013.05.27"]
[Round "4"]
[White "Schmitz, Manuela"]
[Black "Wynarczyk, Raymond"]
[WhiteElo "2027"]
[BlackElo "1959"]
[Result "1/2-1/2"]
[PlyCount "100"]
[EventDate "2013.05.25"]

1. d4 d5 2. Nf3 Nc6 3. g3 Bg4 4. Bg2 e6 5. O-O Bd6 6. c3 Nge7 7. Qb3 Rb8 8. e4
dxe4 9. Ng5 O-O 10. Nxe4 Nd5 11. Nbd2 Be7 12. Nf3 Nf6 13. Nxf6+ Bxf6 14. Bf4
Bxf3 15. Bxf3 e5 16. dxe5 Bxe5 17. Rad1 Qf6 18. Bxe5 Nxe5 19. Bg2 Rfe8 20. Rd4
c5 21. Rf4 c4 22. Qc2 Qd6 23. Rd1 Qc5 24. Rd5 Qb6 25. Qf5 g6 26. Qg5 Nd3 27.
Rf6 Qxb2 28. h4 Qxc3 29. h5 Re5 30. Rf5 Rxf5 31. Rxf5 Qc1+ 32. Qxc1 Nxc1 33.
Rc5 b5 34. a3 Nd3 35. Rc7 a5 36. Bd5 Rf8 37. h6 Ne5 38. f3 g5 39. Kg2 b4 40.
axb4 axb4 41. f4 gxf4 42. gxf4 Ng4 43. Kf3 Nxh6 44. Bxc4 Nf5 45. Rb7 Nd6 46.
Rxb4 Nxc4 47. Rxc4 f5 48. Kg3 Kg7 49. Kh4 h6 50. Kh5 Re8 1/2-1/2

[Event "II Festival del Salento A"]
[Site "Gallipoli ITA"]
[Date "2013.05.28"]
[Round "5"]
[White "Al Hamlan, Faisal"]
[Black "Agrifoglio, Fabio"]
[WhiteElo "1968"]
[BlackElo "1965"]
[Result "1-0"]
[PlyCount "69"]
[EventDate "2013.05.25"]

1. d4 d6 2. e4 Nf6 3. Nc3 g6 4. Bg5 Bg7 5. Qd2 h6 6. Bf4 a6 7. f3 Nbd7 8. O-O-O
Nh5 9. Be3 e5 10. g4 Nhf6 11. h4 Ng8 12. d5 Bf6 13. h5 Bg5 14. hxg6 f6 15. Nh3
Bxe3 16. Qxe3 Qe7 17. Bd3 Qg7 18. Rdg1 Qxg6 19. f4 Nc5 20. Be2 Bd7 21. b4 Na4
22. Nxa4 Bxa4 23. g5 hxg5 24. fxg5 O-O-O 25. Qa7 Qxe4 26. Bd3 Qf3 27. Rf1 Rxh3
28. Rxh3 Qxh3 29. Bf5+ Qxf5 30. Rxf5 c6 31. gxf6 Nh6 32. Rh5 Nf7 33. Rh7 Rd7
34. Qa8+ Kc7 35. Qe8 1-0

[Event "II Festival del Salento A"]
[Site "Gallipoli ITA"]
[Date "2013.05.28"]
[Round "5"]
[White "Alkhaldi, Bader"]
[Black "Chernukhin, Alexander"]
[WhiteElo "1997"]
[BlackElo "2091"]
[Result "0-1"]
[PlyCount "60"]
[EventDate "2013.05.25"]

1. d4 e6 2. c4 f5 3. Nc3 Nf6 4. h4 Bb4 5. h5 h6 6. Bf4 Bxc3+ 7. bxc3 b6 8. Nf3
d6 9. e3 Bb7 10. a4 a5 11. Rb1 Nbd7 12. Qb3 Be4 13. Rb2 O-O 14. c5 bxc5 15.
Qxe6+ Kh8 16. Nh4 Re8 17. Ng6+ Kh7 18. Qa2 cxd4 19. cxd4 Nb6 20. Be2 Bd5 21.
Qa1 Bc4 22. Bd1 Nfd5 23. Qc1 Nb4 24. Rxb4 axb4 25. g4 Qf6 26. Kd2 b3 27. Rg1
Rxa4 28. g5 Ra2+ 29. Kc3 Qe6 30. d5 Qxd5 0-1

[Event "II Festival del Salento A"]
[Site "Gallipoli ITA"]
[Date "2013.05.28"]
[Round "5"]
[White "Bernabei, Alberto"]
[Black "O'Leary, Matt"]
[WhiteElo "1968"]
[BlackElo "1932"]
[Result "1-0"]
[PlyCount "105"]
[EventDate "2013.05.25"]

1. e4 c5 2. Nf3 Nc6 3. Bb5 a6 4. Bxc6 bxc6 5. O-O g6 6. Re1 Bg7 7. e5 Nh6 8. d3
O-O 9. Nc3 Nf5 10. Bf4 d5 11. Na4 Rb8 12. Nxc5 Qb6 13. Nb3 c5 14. Nbd2 Be6 15.
b3 Qb4 16. c4 Rfd8 17. Qe2 dxc4 18. dxc4 Rd7 19. Ne4 h6 20. Red1 Rbd8 21. Rxd7
Rxd7 22. Rd1 g5 23. Rxd7 Bxd7 24. Bd2 Qb6 25. h3 Bc6 26. g4 Nd4 27. Nxd4 cxd4
28. Ng3 Qc5 29. Nf5 Bxe5 30. Nxh6+ Kf8 31. b4 Qd6 32. Nf5 d3 33. Qe3 Bh2+ 34.
Kf1 Qf6 35. Qd4 Qxd4 36. Nxd4 Be4 37. Bxg5 Be5 38. Nb3 Bc3 39. Bd2 Be5 40. f4
Bd6 41. c5 Bc7 42. Kf2 f5 43. g5 Kg7 44. Nd4 Kg6 45. a4 Kh5 46. b5 e5 47. Ne6
Bb8 48. c6 exf4 49. Nxf4+ Kxg5 50. Nxd3+ Kh4 51. Nf4 Bc2 52. b6 Bxf4 53. Bxf4
1-0

[Event "II Festival del Salento A"]
[Site "Gallipoli ITA"]
[Date "2013.05.28"]
[Round "5"]
[White "Callier, Christophe"]
[Black "Fasiello, Andrea"]
[WhiteElo "2102"]
[BlackElo "1988"]
[Result "1-0"]
[PlyCount "99"]
[EventDate "2013.05.25"]

1. e4 e5 2. Nc3 Nf6 3. Bc4 Nc6 4. d3 Bc5 5. f4 h6 6. Nf3 d6 7. Na4 Bb6 8. Nxb6
axb6 9. c3 Qe7 10. O-O O-O 11. b4 Rd8 12. Qb3 exf4 13. Bxf4 Be6 14. Bxe6 Qxe6
15. Qxe6 fxe6 16. b5 Ne7 17. Nd2 Nd7 18. d4 Ra3 19. Rfc1 Rda8 20. Rc2 Ng6 21.
Bg3 R3a5 22. c4 e5 23. Nf3 exd4 24. Nxd4 Nc5 25. Nf5 Re8 26. Re1 Ra4 27. Rce2
Rxc4 28. Bxd6 Nd3 29. Rd1 Rc1 30. Rxc1 Nxc1 31. Rc2 cxd6 32. Rxc1 Rxe4 33. Rc7
Nf4 34. Rxg7+ Kf8 35. Rxb7 Nd3 36. Rb8+ Re8 37. Rxe8+ Kxe8 38. Nxd6+ Kd7 39.
Nc4 Nb4 40. Nxb6+ Kc7 41. Na4 Nxa2 42. Kf2 Kd6 43. Ke3 Ke5 44. b6 Nb4 45. Kf3
Nc6 46. Kg4 Kf6 47. Kh5 Kg7 48. Nc5 Nb8 49. b7 Kh7 50. Ne6 1-0

[Event "II Festival del Salento A"]
[Site "Gallipoli ITA"]
[Date "2013.05.28"]
[Round "5"]
[White "Cammarota, Vittorio"]
[Black "Balducci, Alessandro"]
[WhiteElo "1884"]
[BlackElo "1848"]
[Result "0-1"]
[PlyCount "68"]
[EventDate "2013.05.25"]

1. Nf3 Nf6 2. d4 d5 3. e3 g6 4. Nbd2 Bg7 5. Bd3 O-O 6. O-O Nbd7 7. b3 b6 8. Bb2
Bb7 9. Qe2 c5 10. c4 e6 11. Rac1 Rc8 12. Rfd1 Qe7 13. Bb1 Ne4 14. Nxe4 dxe4 15.
Ne5 Nxe5 16. dxe5 Rfd8 17. Qg4 h5 18. Qg3 Bc6 19. h4 Rxd1+ 20. Rxd1 Rd8 21. Rd6
Qc7 22. Bc2 Bf8 23. Qg5 Rd7 24. g4 Be7 25. Qf4 hxg4 26. Rxc6 Qxc6 27. Bxe4 Rd1+
28. Kg2 Qd7 29. Qxg4 Qd2 30. Bc3 Qc1 31. Kh2 Rf1 32. Qe2 Bxh4 33. Qd3 Rxf2+ 34.
Kh3 Qg1 0-1

[Event "II Festival del Salento A"]
[Site "Gallipoli ITA"]
[Date "2013.05.28"]
[Round "5"]
[White "Caruso, Augusto"]
[Black "Vargas, Gabriela"]
[WhiteElo "2272"]
[BlackElo "2057"]
[Result "0-1"]
[PlyCount "96"]
[EventDate "2013.05.25"]

1. e4 e6 2. d4 d5 3. e5 c5 4. c3 Nc6 5. Nf3 Qb6 6. Na3 cxd4 7. cxd4 Bb4+ 8. Bd2
Nge7 9. Nc2 Bxd2+ 10. Qxd2 Bd7 11. b4 Rc8 12. a4 Qc7 13. Bd3 Nf5 14. g4 Nfe7
15. O-O Qd8 16. Qf4 Ng6 17. Qg3 f6 18. Rfe1 fxe5 19. dxe5 O-O 20. Bxg6 hxg6 21.
Ra2 Nxb4 22. Nxb4 Rc3 23. Re3 Rxe3 24. fxe3 Qb6 25. Rb2 Qxe3+ 26. Rf2 Bxa4 27.
Kg2 a5 28. Nc2 Bxc2 29. Rxc2 Qe4 30. Rd2 a4 31. h3 b5 32. Qf2 b4 33. Re2 Qc4
34. Rd2 Qc3 35. Ra2 a3 36. Qe2 Qc4 37. Qxc4 dxc4 38. Nd2 c3 39. Nb3 Rd8 40. Kf2
Rd3 41. Nc5 Rxh3 42. Kg2 Re3 43. Nxe6 Rxe5 44. Nd4 Re4 45. Nb3 Rxg4+ 46. Kf3
Rg1 47. Nc5 Rb1 48. Nd3 b3 0-1

[Event "II Festival del Salento A"]
[Site "Gallipoli ITA"]
[Date "2013.05.28"]
[Round "5"]
[White "Dedijer, Sanja"]
[Black "Schmitz, Andreas Arnold"]
[WhiteElo "2018"]
[BlackElo "2059"]
[Result "1/2-1/2"]
[PlyCount "88"]
[EventDate "2013.05.25"]

1. d4 d5 2. c4 dxc4 3. Nf3 Nf6 4. e3 Bg4 5. Bxc4 e6 6. O-O a6 7. Nc3 c5 8. dxc5
Qxd1 9. Rxd1 Bxc5 10. a3 Nc6 11. b4 Be7 12. Bb2 O-O 13. Be2 Rfd8 14. Rxd8+ Rxd8
15. Rd1 Rxd1+ 16. Bxd1 b5 17. h3 Bf5 18. Nd2 Nd7 19. Nce4 Bxe4 20. Nxe4 f5 21.
Nd2 Kf7 22. Bf3 Ncb8 23. Nb3 Bf6 24. Bc1 Ne5 25. Be2 Ke7 26. Nc5 Nc4 27. Kf1
Bc3 28. Bd3 Kd6 29. Ke2 Nb2 30. Bc2 g6 31. e4 Nc4 32. exf5 exf5 33. g4 a5 34.
Nb7+ Ke5 35. Nxa5 Nxa5 36. bxa5 fxg4 37. hxg4 Bxa5 38. f4+ Kf6 39. Bb2+ Kf7 40.
Bb3+ Kf8 41. g5 Nd7 42. Bd4 Bc7 43. Kf3 Bd6 44. a4 bxa4 1/2-1/2

[Event "II Festival del Salento A"]
[Site "Gallipoli ITA"]
[Date "2013.05.28"]
[Round "5"]
[White "Gutierrez, Leonela"]
[Black "Valsecchi, Alessio"]
[WhiteElo "2090"]
[BlackElo "2429"]
[Result "0-1"]
[PlyCount "118"]
[EventDate "2013.05.25"]

1. e4 e5 2. Nf3 Nc6 3. Bc4 Bc5 4. c3 Nf6 5. d3 d6 6. Nbd2 a6 7. Bb3 Ba7 8. h3
Ne7 9. Nf1 Ng6 10. Ng3 O-O 11. O-O c6 12. d4 h6 13. Be3 Qc7 14. Nh2 d5 15. dxe5
Bxe3 16. exf6 Qxg3 17. fxe3 Nh4 18. Qe2 Bxh3 19. Rf2 dxe4 20. Kh1 Bxg2+ 21.
Rxg2 Qxg2+ 22. Qxg2 Nxg2 23. fxg7 Kxg7 24. Rg1 f5 25. Rxg2+ Kf6 26. Nf1 a5 27.
a4 Ke5 28. Rg6 Rf6 29. Rg7 Rb8 30. Ng3 b5 31. Nh5 bxa4 32. Bxa4 Rd6 33. Re7+
Re6 34. Ra7 Rxb2 35. Rxa5+ Kd6 36. Rxf5 Kc7 37. Ng3 h5 38. Rxh5 Rf6 39. Rf5
Rh6+ 40. Rh5 Rxh5+ 41. Nxh5 Ra2 42. Bb3 Ra3 43. Bc2 Ra1+ 44. Kg2 Ra2 45. Kg3
Rxc2 46. Kf4 Rxc3 47. Kxe4 c5 48. Ng7 Kc6 49. Nf5 Ra3 50. Ke5 Kb5 51. e4 Rd3
52. Kf6 c4 53. e5 Kc6 54. e6 Rf3 55. Ke5 c3 56. Nd4+ Kc7 57. Nb5+ Kd8 58. Nd4
Rd3 59. Nc6+ Ke8 0-1

[Event "II Festival del Salento A"]
[Site "Gallipoli ITA"]
[Date "2013.05.28"]
[Round "5"]
[White "Korneev, Oleg"]
[Black "Horvath, Csaba"]
[WhiteElo "2630"]
[BlackElo "2516"]
[Result "1/2-1/2"]
[PlyCount "31"]
[EventDate "2013.05.25"]

1. e4 c5 2. Nf3 e6 3. d4 cxd4 4. Nxd4 Nf6 5. Nc3 Nc6 6. Ndb5 Bb4 7. a3 Bxc3+ 8.
Nxc3 d5 9. exd5 Nxd5 10. Bd2 O-O 11. Bd3 e5 12. Qh5 f5 13. Bc4 Be6 14. Bg5 Qa5
15. O-O Nf4 16. Bxe6+ 1/2-1/2

[Event "II Festival del Salento A"]
[Site "Gallipoli ITA"]
[Date "2013.05.28"]
[Round "5"]
[White "Mastrolonardo, Francesco"]
[Black "Rothebarth De Paula, Ana Vitoria"]
[WhiteElo "1912"]
[BlackElo "2006"]
[Result "1-0"]
[PlyCount "129"]
[EventDate "2013.05.25"]

1. e4 e5 2. Nf3 Nc6 3. Bc4 Bc5 4. c3 Nf6 5. d3 d6 6. Nbd2 a6 7. Bb3 O-O 8. O-O
Ne7 9. h3 Ng6 10. Re1 Qe7 11. Nf1 c6 12. Ng3 Be6 13. Bc2 Rfe8 14. d4 Ba7 15.
Be3 Qc7 16. Nf5 d5 17. exd5 Nxd5 18. Bg5 Bxf5 19. Bxf5 exd4 20. cxd4 Qa5 21.
Rxe8+ Rxe8 22. Bd7 Rf8 23. a3 h6 24. Bd2 Qd8 25. Bf5 Qf6 26. Bxg6 Qxg6 27. Qb3
Bb6 28. Re1 Qd6 29. Qd3 Rd8 30. Ne5 Nf6 31. Qb3 Nd5 32. Nc4 Qc7 33. Nxb6 Qxb6
34. Qxb6 Nxb6 35. Ba5 Rd5 36. Bxb6 Rb5 37. Bc5 Rxb2 38. Rc1 Kh7 39. Bb4 Kg6 40.
Rc5 Rb1+ 41. Kh2 Rd1 42. Rc4 Kf5 43. Bc5 h5 44. Rb4 b5 45. Rb3 a5 46. Bb6 Ke6
47. Rc3 Kd7 48. Kg3 g5 49. Kf3 f5 50. Ke2 Rg1 51. Bxa5 f4 52. Kf3 Rh1 53. Bb4
Rd1 54. Rc5 g4+ 55. hxg4 hxg4+ 56. Kxg4 Rxd4 57. Rf5 Ke6 58. Rxf4 Rd5 59. Re4+
Kf6 60. Bc3+ Kf7 61. Re5 Rd6 62. Bb4 Rg6+ 63. Kf3 Kf6 64. Rc5 Kf7 65. g4 1-0

[Event "II Festival del Salento A"]
[Site "Gallipoli ITA"]
[Date "2013.05.28"]
[Round "5"]
[White "Messina, Roberta"]
[Black "Quaranta, Cristiano"]
[WhiteElo "1998"]
[BlackElo "2172"]
[Result "0-1"]
[PlyCount "110"]
[EventDate "2013.05.25"]

1. c4 e5 2. g3 Nf6 3. Bg2 d5 4. cxd5 Nxd5 5. Nc3 Nb6 6. Nf3 Nc6 7. O-O Be7 8.
d3 O-O 9. Rb1 a5 10. a3 Be6 11. b3 f6 12. Qc2 Rb8 13. Bb2 Qd7 14. Rfd1 Rfd8 15.
Ne4 Bd5 16. e3 Qe6 17. Ned2 Qf7 18. Rbc1 Qh5 19. Ne1 Bxg2 20. Nxg2 Kh8 21. Ne4
Nd7 22. Nc3 Rf8 23. Nd5 Bd6 24. b4 axb4 25. axb4 Qf3 26. Qc4 Rbc8 27. Rd2 Rfe8
28. b5 Na5 29. Qa2 b6 30. Rdc2 Nc5 31. Ne1 Qf5 32. Rc3 Qd7 33. Ra3 Qxb5 34. d4
Ncb3 35. Nc3 Nxc1 36. Nxb5 Nxa2 37. Nxd6 cxd6 38. Rxa2 Ra8 39. dxe5 dxe5 40.
Bc3 Rec8 41. Ra3 Nb7 42. Rb3 Nc5 43. Rb5 Nd3 44. Nxd3 Rxc3 45. Nb4 Rb8 46. Nd5
Rc6 47. Kg2 Rd6 48. Kf3 Kg8 49. e4 Kf7 50. Kg4 Ke6 51. Nc7+ Kd7 52. Na6 Ra8 53.
Nb4 Ra5 54. Rd5 Rdxd5 55. Nxd5 Rxd5 0-1

[Event "II Festival del Salento A"]
[Site "Gallipoli ITA"]
[Date "2013.05.28"]
[Round "5"]
[White "Ortega Ruiz, Jose' Miguel"]
[Black "Sansonetti, Giorgio"]
[WhiteElo "2346"]
[BlackElo "2113"]
[Result "1-0"]
[PlyCount "61"]
[EventDate "2013.05.25"]

1. d4 e6 2. c4 Nf6 3. Nf3 d5 4. e3 Be7 5. Nc3 O-O 6. Bd3 c5 7. O-O b6 8. Qe2
Bb7 9. Rd1 Qc8 10. cxd5 exd5 11. dxc5 bxc5 12. b3 Qg4 13. Bb2 Rd8 14. Rac1 a5
15. Na4 Nbd7 16. Ne5 Qe6 17. Nxd7 Nxd7 18. Rc2 Bc6 19. Bb5 Bxb5 20. Qxb5 c4 21.
Rcd2 cxb3 22. axb3 Nf6 23. Bxf6 Qxf6 24. Nb6 Bb4 25. Nxd5 Qe5 26. Rd4 Bd6 27.
g3 Rdb8 28. Qd3 Bc5 29. Re4 Qb2 30. Nc7 f5 31. Qd5+ 1-0

[Event "II Festival del Salento A"]
[Site "Gallipoli ITA"]
[Date "2013.05.28"]
[Round "5"]
[White "Piscopo, Pierluigi"]
[Black "Dedijer, Mira"]
[WhiteElo "2393"]
[BlackElo "1980"]
[Result "1-0"]
[PlyCount "37"]
[EventDate "2013.05.25"]

1. c4 Nf6 2. Nc3 e6 3. e4 d6 4. d4 Be7 5. Nf3 O-O 6. Bd3 c5 7. dxc5 dxc5 8. e5
Nfd7 9. h4 Nc6 10. Bxh7+ Kh8 11. Bd3 g6 12. Bf4 Kg7 13. Qd2 Rh8 14. O-O-O Bxh4
15. Nxh4 Rxh4 16. Bg5 Rxh1 17. Rxh1 f6 18. Bxf6+ Nxf6 19. Qh6+ 1-0

[Event "II Festival del Salento A"]
[Site "Gallipoli ITA"]
[Date "2013.05.28"]
[Round "5"]
[White "Pizzuto, Samuele Tullio"]
[Black "Klein, Gernot"]
[WhiteElo "2099"]
[BlackElo "1888"]
[Result "0-1"]
[PlyCount "76"]
[EventDate "2013.05.25"]

1. d4 d5 2. Nc3 c6 3. Bg5 h6 4. Bh4 Qb6 5. Rb1 Bf5 6. e3 Nd7 7. Bd3 Bxd3 8.
cxd3 Ngf6 9. Nf3 e6 10. O-O Be7 11. Ne5 Qd8 12. f4 O-O 13. b4 Rc8 14. Qa4 a6
15. h3 Ne8 16. Bxe7 Qxe7 17. Qb3 Nd6 18. Na4 Nxe5 19. dxe5 Nf5 20. d4 Ng3 21.
Rfd1 h5 22. Nc5 h4 23. Qd3 Rfd8 24. a4 Ra8 25. Rd2 Rdc8 26. Rdb2 Rc7 27. Rb3
Rac8 28. R1b2 Ra8 29. Rb1 Rac8 30. b5 cxb5 31. Qd1 b6 32. Nxa6 Rc1 33. Rxc1
Rxc1 34. Qxc1 Ne2+ 35. Kf2 Nxc1 36. Rxb5 Qa7 37. Nb4 Qxa4 38. Rxb6 Qb3 0-1

[Event "II Festival del Salento A"]
[Site "Gallipoli ITA"]
[Date "2013.05.28"]
[Round "5"]
[White "Ranfagni, Stefano"]
[Black "Schmitz, Manuela"]
[WhiteElo "1994"]
[BlackElo "2027"]
[Result "1-0"]
[PlyCount "111"]
[EventDate "2013.05.25"]

1. e4 e6 2. d3 d5 3. Nd2 Nf6 4. Ngf3 c5 5. g3 g6 6. Bg2 Bg7 7. O-O O-O 8. Re1
Nc6 9. c3 dxe4 10. Nxe4 Nxe4 11. dxe4 Qc7 12. Qc2 b6 13. Be3 Bb7 14. Rad1 Rad8
15. h4 h6 16. Qc1 Kh7 17. Rxd8 Rxd8 18. Rd1 Rd7 19. Bf4 Qd8 20. Rxd7 Qxd7 21.
Qd2 Qxd2 22. Nxd2 Ba6 23. Bd6 e5 24. Bh3 Kg8 25. Bd7 Bb7 26. f3 a6 27. Nc4 b5
28. Ne3 Bf8 29. Bxc6 Bxc6 30. Bxe5 Be7 31. c4 f6 32. Bc7 Kf7 33. Nd5 bxc4 34.
Nb6 Bb5 35. Kf2 Ke6 36. Ke3 Bf8 37. f4 Be7 38. g4 h5 39. gxh5 gxh5 40. f5+ Kf7
41. Bf4 Bf8 42. Nd5 Be7 43. Kf3 Bd8 44. Be3 Ba5 45. Bxc5 Be1 46. Bf2 Bd2 47.
Bd4 Ba4 48. Ke2 Bc1 49. Nxf6 Bc2 50. Bc3 Bd3+ 51. Kf3 Bc2 52. Nd7 Bd1+ 53. Kf2
Bc2 54. Nc5 a5 55. f6 a4 56. a3 1-0

[Event "II Festival del Salento A"]
[Site "Gallipoli ITA"]
[Date "2013.05.28"]
[Round "5"]
[White "Schiappoli, Dario"]
[Black "Al Khateeb, Taher"]
[WhiteElo "1930"]
[BlackElo "1984"]
[Result "1/2-1/2"]
[PlyCount "102"]
[EventDate "2013.05.25"]

1. e4 c5 2. Nf3 Nc6 3. d4 cxd4 4. c3 dxc3 5. Nxc3 d6 6. Bc4 e6 7. O-O Be7 8.
Qe2 a6 9. Rd1 b5 10. Bb3 Bb7 11. Be3 Qc7 12. Rac1 Nf6 13. Nd5 exd5 14. exd5 Rc8
15. Bg5 Kf8 16. Re1 Qd7 17. dxc6 Bxc6 18. Nd4 Bb7 19. Rxc8+ Bxc8 20. Nf5 Bd8
21. Bxf6 gxf6 22. Nh6 Kg7 23. Nxf7 Rf8 24. Qh5 Rxf7 25. Re3 Rf8 26. Rh3 Kh8 27.
Bc2 f5 28. Qf3 Qe6 29. g4 Qe1+ 30. Kg2 Qe7 31. Qc3+ Qf6 32. Qxc8 fxg4 33. Rxh7+
Kg8 34. Qxg4+ Qg5 35. Qxg5+ Bxg5 36. Ra7 Rc8 37. Bb3+ Kf8 38. Rxa6 Bf4 39. Be6
Rc2 40. h4 Be3 41. Rxd6 Rxb2 42. Rd3 Rxf2+ 43. Kg3 Bc5 44. Rd5 Rc2 45. Rf5+ Kg7
46. Bb3 Bd6+ 47. Kg4 Rg2+ 48. Kh5 b4 49. Rf7+ Kh8 50. Kh6 Rg7 51. Rf5 Be7
1/2-1/2

[Event "II Festival del Salento A"]
[Site "Gallipoli ITA"]
[Date "2013.05.28"]
[Round "5"]
[White "Tania, Sachdev"]
[Black "Rudolf, Anna"]
[WhiteElo "2408"]
[BlackElo "2289"]
[Result "1-0"]
[PlyCount "53"]
[EventDate "2013.05.25"]

1. d4 d5 2. c4 e6 3. Nc3 Be7 4. cxd5 exd5 5. Bf4 c6 6. e3 Bf5 7. g4 Be6 8. Bd3
Nd7 9. h3 Nb6 10. Qc2 h5 11. gxh5 Rxh5 12. O-O-O Nc4 13. Nf3 Bf6 14. Rdg1 Ne7
15. e4 g6 16. e5 Bg7 17. Bg5 Kd7 18. b3 Nb6 19. Ne2 Rxh3 20. Rxh3 Bxh3 21. Nf4
Be6 22. Nxe6 Kxe6 23. Bf5+ gxf5 24. Bxe7 Qxe7 25. Rxg7 Qa3+ 26. Kd1 f6 27. Nh4
1-0

[Event "II Festival del Salento A"]
[Site "Gallipoli ITA"]
[Date "2013.05.28"]
[Round "5"]
[White "Wynarczyk, Raymond"]
[Black "De Giorgi, Stefano"]
[WhiteElo "1959"]
[BlackElo "2102"]
[Result "1/2-1/2"]
[PlyCount "88"]
[EventDate "2013.05.25"]

1. e4 e6 2. d4 d5 3. Nc3 Bb4 4. e5 Ne7 5. a3 Bxc3+ 6. bxc3 b6 7. a4 Ba6 8. Bb5+
Bxb5 9. axb5 c6 10. Qd3 cxb5 11. Qxb5+ Qd7 12. c4 dxc4 13. Qxc4 O-O 14. Ba3 Rc8
15. Qd3 Nbc6 16. Nf3 Nf5 17. Rd1 Qd5 18. O-O b5 19. Bc5 a6 20. Rfe1 h5 21. Ng5
Qc4 22. Qf3 g6 23. h3 h4 24. c3 a5 25. g4 hxg3 26. fxg3 b4 27. g4 Nh6 28. cxb4
axb4 29. Ne4 Ra3 30. Re3 Qc2 31. Rxa3 bxa3 32. Bxa3 Rb8 33. Qd3 Qa2 34. Qd2
Qxd2 35. Rxd2 Rb3 36. Bc1 Rxh3 37. Kg2 Re3 38. Nf6+ Kg7 39. Rc2 Nxd4 40. Rc8
Re2+ 41. Kf1 Rc2 42. Ne8+ Kh7 43. Nf6+ Kg7 44. Ne8+ Kh7 1/2-1/2

[Event "II Festival del Salento A"]
[Site "Gallipoli ITA"]
[Date "2013.05.29"]
[Round "6"]
[White "Al Hajiri, Bader"]
[Black "Gutierrez, Leonela"]
[WhiteElo "2019"]
[BlackElo "2090"]
[Result "1-0"]
[PlyCount "85"]
[EventDate "2013.05.25"]

1. e4 c5 2. Nf3 d6 3. d4 cxd4 4. Qxd4 a6 5. c4 Nc6 6. Qd2 Nf6 7. Nc3 e6 8. Be2
Be7 9. O-O O-O 10. b3 Rb8 11. Re1 Qa5 12. Bb2 b5 13. cxb5 axb5 14. Nd4 Nxd4 15.
Qxd4 b4 16. Nb1 Qg5 17. Nd2 e5 18. Qd3 Ba6 19. Nf3 Bxd3 20. Nxg5 Bxe4 21. f4
Bb7 22. fxe5 Nd5 23. Nf3 Nf4 24. Bc4 dxe5 25. Bxe5 Bc5+ 26. Kf1 Ng6 27. Bxb8
Rxb8 28. Rad1 Bc6 29. Ne5 Nxe5 30. Rxe5 Bf8 31. Rf5 Rb7 32. Rd4 g6 33. Rf6 Rc7
34. Rdf4 Be8 35. g4 Bc5 36. g5 Kg7 37. h4 Re7 38. Bd5 Bb5+ 39. Kg2 Be8 40. Re4
h6 41. Rxe7 Bxe7 42. Rb6 hxg5 43. Rb8 1-0

[Event "II Festival del Salento A"]
[Site "Gallipoli ITA"]
[Date "2013.05.29"]
[Round "6"]
[White "Balducci, Alessandro"]
[Black "Al Hamlan, Faisal"]
[WhiteElo "1848"]
[BlackElo "1968"]
[Result "0-1"]
[PlyCount "60"]
[EventDate "2013.05.25"]

1. c4 e5 2. g3 Nf6 3. Bg2 Bc5 4. Nc3 a6 5. Nf3 d6 6. d4 exd4 7. Nxd4 O-O 8. O-O
h6 9. h3 Re8 10. a3 Nbd7 11. e4 Ne5 12. b3 Bxd4 13. Qxd4 Bxh3 14. f3 Qd7 15.
Be3 Nh5 16. Kf2 Bxg2 17. Kxg2 Re6 18. Rh1 Nf6 19. Rad1 Rae8 20. Nd5 Nxd5 21.
Qxd5 c6 22. Qd4 Qe7 23. Bf4 Nxf3 24. Kxf3 Rxe4 25. Qxd6 Rxf4+ 26. gxf4 Qe2+ 27.
Kg3 Re3+ 28. Kh4 g5+ 29. fxg5 Re4+ 30. Kg3 Rg4+ 0-1

[Event "II Festival del Salento A"]
[Site "Gallipoli ITA"]
[Date "2013.05.29"]
[Round "6"]
[White "Horvath, Csaba"]
[Black "Piscopo, Pierluigi"]
[WhiteElo "2516"]
[BlackElo "2393"]
[Result "1-0"]
[PlyCount "73"]
[EventDate "2013.05.25"]

1. d4 Nf6 2. c4 e6 3. Nc3 Bb4 4. Qc2 Nc6 5. Nf3 d5 6. Bf4 dxc4 7. e3 Qd5 8. Be2
b5 9. Nd2 Bxc3 10. bxc3 Bb7 11. Bf3 Qd7 12. Bg5 Nd8 13. Bxf6 gxf6 14. Ne4 Bxe4
15. Qxe4 Rb8 16. O-O f5 17. Qe5 O-O 18. a4 bxa4 19. Qc5 Nb7 20. Qxc4 Nd6 21.
Qxa4 Qxa4 22. Rxa4 Rb3 23. c4 f4 24. exf4 Rd8 25. d5 Rc3 26. dxe6 fxe6 27. Rxa7
Rxc4 28. g3 Kg7 29. Re1 Kf6 30. Ra6 Rc5 31. Kg2 Rb8 32. Bg4 e5 33. fxe5+ Rxe5
34. Rc1 Re7 35. Bf3 Kg7 36. Rac6 Nb5 37. Rb1 1-0

[Event "II Festival del Salento A"]
[Site "Gallipoli ITA"]
[Date "2013.05.29"]
[Round "6"]
[White "Klein, Gernot"]
[Black "Caruso, Augusto"]
[WhiteElo "1888"]
[BlackElo "2272"]
[Result "0-1"]
[PlyCount "122"]
[EventDate "2013.05.25"]

1. e4 g6 2. d4 Bg7 3. Nc3 c6 4. f4 d5 5. exd5 cxd5 6. Nf3 Nc6 7. Be2 Bg4 8. Ne5
Bxe2 9. Nxe2 Nf6 10. O-O Ne4 11. c3 e6 12. Ng3 Nd6 13. Be3 O-O 14. Rc1 Rc8 15.
Kh1 h5 16. Rf3 Ne7 17. Qe1 Qa5 18. Ra1 Qb5 19. Qe2 Qxe2 20. Nxe2 Nc4 21. Bg1 b6
22. Nxc4 Rxc4 23. Nc1 Nf5 24. Nd3 f6 25. Re1 Kf7 26. Rff1 a5 27. Re2 Re8 28.
Rfe1 Bf8 29. Bf2 Bd6 30. h3 h4 31. Kg1 b5 32. a3 b4 33. axb4 axb4 34. Nc5 Bxc5
35. dxc5 bxc3 36. bxc3 Rxf4 37. Rb2 Rc4 38. Rb7+ Re7 39. Rb3 g5 40. Rf1 Rd7 41.
Rfb1 Ke7 42. Ra1 Kf7 43. Rab1 Re7 44. Ra3 Ng7 45. Rb4 e5 46. Rxc4 dxc4 47. Ra4
e4 48. Be3 Nf5 49. Kf2 Ke6 50. Ra6+ Ke5 51. Bc1 Rc7 52. Ra5 Rc6 53. Ba3 Ne7 54.
Ra7 Nd5 55. Ra8 f5 56. Re8+ Re6 57. Rg8 e3+ 58. Kf3 Kf6 59. Ke2 Nf4+ 60. Ke1 e2
61. Rf8+ Kg7 0-1

[Event "II Festival del Salento A"]
[Site "Gallipoli ITA"]
[Date "2013.05.29"]
[Round "6"]
[White "Minerba, Paolo"]
[Black "Bernabei, Alberto"]
[WhiteElo "1874"]
[BlackElo "1968"]
[Result "0-1"]
[PlyCount "80"]
[EventDate "2013.05.25"]

1. e4 e5 2. Nf3 Qe7 3. Bc4 c6 4. d3 h6 5. Nc3 Nf6 6. O-O d6 7. Be3 Bg4 8. a4
Qc7 9. Qe2 Be7 10. Rad1 O-O 11. h3 Bh5 12. Kh1 Nbd7 13. Rg1 Kh8 14. g4 Bg6 15.
Nh4 Bh7 16. Nf5 Bxf5 17. gxf5 d5 18. exd5 cxd5 19. Bxd5 Nxd5 20. Nxd5 Qc6 21.
c4 Nf6 22. Qf3 Nxd5 23. cxd5 Qf6 24. d4 Bd6 25. Qh5 Rfe8 26. Qg4 exd4 27. Bxd4
Be5 28. Bc3 Bxc3 29. bxc3 Qxc3 30. Rd3 Qe5 31. Re3 Qxd5+ 32. f3 g5 33. fxg6
Rxe3 34. Kh2 Qxf3 35. Qd4+ f6 36. g7+ Kh7 37. g8=Q+ Rxg8 38. Qd7+ Kh8 39. Rxg8+
Kxg8 40. Qc8+ Kf7 0-1